Úspěchy a problémy tchajwanského hospodářského zázraku

Hospodársky "zázrak" Tchaj-wanu ako model hospodárskeho rozvoja krajín tretieho sveta. Sociálne, politické a historické korene hospodárskeho úspechu. Kľúčové prvky úspešného rozvoja - sociálna a politická stabilita, vyškolená pracovná sila, efektívna hospodárska stratégia, malé a stredné podniky, ní...

Full description

Saved in:
Bibliographic Details
Main Author: Slunečko, Vladimír
Format: Book Chapter
Language:Czech
Subjects:
Tags: Add Tag
No Tags, Be the first to tag this record!

MARC

LEADER 00000naa a2200000 4500
001 r023316
005 20230925111433.7
041 0 |a cze 
044 |a CZ 
245 1 0 |a Úspěchy a problémy tchajwanského hospodářského zázraku  |c Vladimír Slunečko 
520 |a Hospodársky "zázrak" Tchaj-wanu ako model hospodárskeho rozvoja krajín tretieho sveta. Sociálne, politické a historické korene hospodárskeho úspechu. Kľúčové prvky úspešného rozvoja - sociálna a politická stabilita, vyškolená pracovná sila, efektívna hospodárska stratégia, malé a stredné podniky, nízka priemerná hodinová mzda, získavanie zahraničného kapitálu. Problémy sprevádzajúce hospodársky zázrak. Problematika medzinárodného uznania Tchaj-wanu. 
610 2 0 |a vývoj hospodársky 
610 2 0 |a rast hospodársky 
610 2 0 |a politika vnútorná 
610 2 0 |a stratégia hospodárska 
610 2 0 |a sily pracovné 
610 2 0 |a podnik malý 
610 2 0 |a podnik stredný 
610 2 0 |a mzdy 
610 2 0 |a investície zahraničné 
610 2 0 |a protekcionizmus 
610 2 0 |a ekológia 
610 2 0 |a reformy poľnohospodárske 
610 2 0 |a výskum 
610 2 0 |a vývoj 
610 2 0 |a Taiwan 
100 1 |a Slunečko, Vladimír